Resistencia y ductibildad de secciones de concreto de alta resistencia.
Na minha lista:
| Autor principal: | |
|---|---|
| Formato: | Livro |
| Publicado em: |
[San José , Costa Rica]
1986
|
| Assuntos: | |
| Tags: |
Adicionar Tag
Sem tags, seja o primeiro a adicionar uma tag!
|
MARC
| LEADER | 00000nam a2200000Ia 4500 | ||
|---|---|---|---|
| 003 | 004120 | ||
| 005 | 20221231144355.0 | ||
| 008 | 140114s1986 cr a m 000 ||s d | ||
| 040 | |c cru CEDI | ||
| 090 | |a TFG 1836 | ||
| 100 | |a Jenkins Coronas, Mauricio |9 14157 | ||
| 245 | |a Resistencia y ductibildad de secciones de concreto de alta resistencia. | ||
| 260 | |c 1986 |b [San José , Costa Rica] | ||
| 300 | |a xii, 256 hojas : ilustraciones ; 27 cm | ||
| 500 | |a Tesis (licenciatura en ingeniería civil)--Universidad de Costa Rica. Facultad de Ingeniería. Escuela de Ingeniería Civil, | ||
| 650 | |x RESISTENCIA DE MATERIALES |x HORMIGON |9 14158 | ||
| 942 | |c TFG | ||
| 999 | |c 20910 |d 20910 | ||
